000 003620000a22001090004500
090 _aAS
_bSeriadas
245 1 0 _aEuglenofitas pigmentadas de la Amazonía colombiana
041 0 _aEspañol
100 1 _aDuque, Santiago R.
_913847
942 _cARTICULO
773 1 _tRevista de la Academia Colombiana de Ciencias Exactas, Fisicas y Naturales
_332
_h75
_q651-659
_d1995
_g19
999 _c14112
_d14112